| 000 | 01582cam a22004337i 4500 | ||
|---|---|---|---|
| 001 | 17600570 | ||
| 003 | USPCAS-E | ||
| 005 | 20180118181411.0 | ||
| 008 | 130123s2013 enka b 001 0 eng d | ||
| 010 | _a 2013931488 | ||
| 020 | _a9780857091314 (alk. paper) | ||
| 020 | _a085709131X (alk. paper) | ||
| 035 | _a(OCoLC)ocn813394494 | ||
| 040 |
_aYDXCP _beng _cYDXCP _erda _dBTCTA _dBDX _dOCLCQ _dCDX _dOCLCO _dBWK _dCUV _dBWX _dOCLCF _dOCLCQ _dCHVBK _dDLC |
||
| 042 | _alccopycat | ||
| 050 | 0 | 0 |
_aTD195.B56 _bB56 2013 |
| 082 | 0 | 4 |
_a333.953 _223 _bBIO 2013 |
| 245 | 0 | 0 |
_aBiomass combustion science, technology and engineering / _cedited by Lasse Rosendahl. |
| 300 |
_axviii, 302 pages : _billustrations ; _c24 cm. |
||
| 490 | 1 |
_aWoodhead Publishing series in energy, _x2044-9364 ; _vnumber 40 |
|
| 502 | _a0 | ||
| 504 | _aIncludes bibliographical references and index. | ||
| 650 | 0 | _aBiomass energy. | |
| 650 | 0 |
_aBiomass energy _xEnvironmental aspects. |
|
| 650 | 0 | _aClean energy industries. | |
| 650 | 7 |
_aBiomass energy. _2fast |
|
| 650 | 7 |
_aBiomass energy _xEnvironmental aspects. _2fast |
|
| 650 | 7 |
_aClean energy industries. _2fast |
|
| 650 | 7 |
_aBioenergie. _2gnd |
|
| 650 | 7 |
_aBrennstoffgewinnung. _2gnd |
|
| 650 | 7 |
_aPyrolyse. _2gnd |
|
| 650 | 7 |
_aHolzvergasung. _2gnd |
|
| 700 | 1 |
_aRosendahl, Lasse, _d1967- |
|
| 830 | 0 |
_aWoodhead Publishing in energy ; _vno. 40. |
|
| 906 |
_a7 _bcbc _ccopycat _d2 _eepcn _f20 _gy-gencatlg |
||
| 942 |
_2ddc _cBK |
||
| 999 |
_c355720 _d355720 |
||